003660000a22001330004500020001700000060000800017082001800025100002600043245005600069260003900125260000900164300000800173650005100181 a0 521 060575 a100 a582.13012 CLA aRendle, Alfred Barton aClassification of flowering plants V.2 Dicotyledons aLondon, Cambridge university press c1975 a640 aFlowering plants- Classification/ Dicotyledons